000 01067nas a2200337 4500
001 BR0304133
003 BR-BrBNA
005 20231205104008.0
007 ta
008 230509b bl.|||p| |||| 00| 00por d
040 _aBR-BrBNA
_bpor
_cBiblioteca Nacional de Agricultura
041 _a(Pt)
072 _aP40
100 1 _aHayashi, M.M.S.
100 1 _aCampelo Junior, J.H.
100 1 _aPriante Filo, N.
100 1 _aNogueira, J. de S.
100 1 _aVourlitis, G.L.
245 1 _aBalanço de energia da Crotalaria juncea L. no período seco e no período úmido do ano, em condições de cerrado
650 _aCANHAMO DA ÍNDIA
650 _aEVAPOTRANSPIRAÇÃO
650 _aHIDROMETEOROLOGIA
650 _aBALANÇO DE ENERGIA
650 _aMODELO MATEMÁTICO
650 _aDISPONIBILIDADE DE ÁGUA
650 _aSOLO
650 _aCERRADO
773 0 _tRevista Brasileira de Agrometeorologia (Brazil)
_xISSN 0104-1347
_g(Jul-Dec 2002), v. 10(2) p. 197-205
_wBR0304133
909 _a202311
_bLúcia
_c55
_dLúcia Elande
942 _2AGRIS
_n0
_cANA
999 _c175853
_d175853